000 01554nam0a2200325 4500
001 RU\NLR\BIBL_A\016215918
005 20250128194045.0
010 _a978-5-295-07672-5
_91000
021 _aRU
_bКН-П-22-016297
_9КН-П-22-1401
035 _a(NLR Aleph) 016215918
090 _a13312845
_c13312845
100 _a20221123d2021 m y0rusy50 ca
101 0 _abak
102 _aRU
105 _ay z 000 y
181 0 _ai
_baxxe
182 0 _an
200 1 _aҺай, түрәкәйгенәһе
_e[повестар]
_fРәсүл Байгилдин
203 _aТекст
_bвизуальный
_cнепосредственный
210 _aӨфө
_cКитап
_d2021
215 _a396,[2] б.
_cпортр.
_d22
423 0 _12001#$aҠайтыу$eповесть, хикәйәләр$fРаят Вәлиев
_1210##$aӨфө$d2021
_1215##$aС. 215-397$cпортр.
_1700#1$aВәлиев$bР. Б. улы$f1965-$gРаят Барый улы
_15411#$aВозвращение$eповесть, рассказы.$zrus$6z01790
_1790#1$aВалеев$bР. Б.$gРаят Бареевич$4070$6z01541
_tҠайтыу
_aВәлиев, Раят Барый улы (1965-)
541 1 _6z01790
_aХромой начальник
_eповести.
_zrus
686 1 _aШ6(2=Баш)7-4
700 1 _aБайгилдин
_bР. Ғ. улы
_f1962-
_gРәсүл Ғилметдин улы
_4070
790 1 _6z01541
_aБайгильдин
_bР. Г.
_gРасуль Гильмитдинович
_4070
852 _aNLR
_bОНЛ
_jБашк./3-5993
942 _cBOOK
980 _aNB